000 00854nmm a2200265 a 4500
001 ocm000700956
003 TR-IsHL
005 20201028125458.0
008 110704s1993 tu tur
007 cr cn
035 _a700956
_b(N$T)
050 0 4 _aHC421.7
_b.Ö93 1993
090 0 4 _aHC421.7
_b.Ö93 1993
245 1 0 _aÖzbekistan
_h[electronic resource] /
_chaz. Zehra Mumcu
250 _a2. bs.
260 _aİstanbul :
_bİstanbul Ticaret Odası,
_c1993
300 _a118 p.
650 4 _aEkonomi ve Finans
650 4 _aEconomics and Finance
650 0 _aEkonomik durum
_x Özbekistan
650 0 _aEconomic conditions
_x Uzbekistan
650 7 _aBUSINESS & ECONOMICS / Economic Conditions
_2bisacsh
700 1 _aMumcu, Zehra
856 4 0 _uhttp://search.ebscohost.com/login.aspx?direct=true&scope=site&db=e011xww&AN=700956
999 _c3502
_d3502